00935 2200229 4500001002100000005001500021035002000036007000300056008004100059020002200100082000800122084001400130100002900144245009400173250000600267260003600273300002800309700002900337650003100366520029100397990001700688INLIS00000000000161820260421083903 a0010-1123000249ta260421 b 1 ind  a978-602-477-181-2 a813 a813 LUB m0 aLubna Taha ( Pengarang )1 aMama Jadi Teman Sekelasku ! :bkumpulan cerita anak /cLubna Taha ; ilustrasi, Maya Fidow a- aJakarta :bKesaint Blanc,c2022 a62 :bilus. ;c20 cme-0 aMaya Fidow ( ilustrasi ) 4aFiksi - Bacaan anak - anak aYa, mama Noura menjadi murid di kelas yang sama dengannya, belajar pelajaran yang sama, dan berteman dengan kawan yang sama. Bagaimana bisa mama Naoura menjadi teman sekelasnya ? Bagaimana reaks teman-teman sekelas Noura atau bahkan satu penghuni sekolah? Apa yang akan Noura lakukan?" a00178/K/2022